| 000 | 02256cam a22005174i 4500 | ||
|---|---|---|---|
| 003 | PE-LiUPU | ||
| 005 | 20250731173434.0 | ||
| 008 | 150706s r 000 0 d | ||
| 020 | _a9781603745666 | ||
| 035 | _a(Sirsi) i9781603745666 | ||
| 040 |
_aPE-LiUPU _bspa _cPE-LiUPU _erda |
||
| 049 | _aPRUA | ||
| 082 | 0 | 4 |
_a277.3083 _bF38 _221 |
| 100 | 1 |
_aFernandez, Henry, _d1964- , _eautor. |
|
| 245 | 1 | 0 |
_aFe, familia y finanzas : _bcimientos fuertes para una vida mejor / _cHenry Fernández. |
| 264 | 1 |
_aNew Kensington, PA : _bWhitaker House, _c |
|
| 300 |
_a221 páginas ; _c21 cm. |
||
| 336 |
_atext _2rdacontent |
||
| 337 |
_aunmediated _2rdamedia |
||
| 338 |
_avolume _2rdacarrier |
||
| 504 | _aIncluye referencias bibliográficas (p. 201-202). | ||
| 505 | 0 | _aFe -- ¿En quién confía? -- Se trata de relación -- Dios quiere darle todas las cosas -- Reciba un estilo de vida de fe -- Fe en Dios; ¡nada más! -- ¡No tema! -- Confianza en el Dios vivo -- Fe y autoridad -- Familia -- Hay hombre en la tierra -- Unos cimientos en crisis -- De regreso a familias fuertes -- Finanzas -- ¿Qué es la verdadera prosperidad? -- Tratar la deuda -- Gracia para dar. | |
| 526 | _aSEG42 | ||
| 526 | _aSEG41 | ||
| 526 | _aSEG40 | ||
| 526 | _aSEG39 | ||
| 526 | _aP94 | ||
| 526 | _aP87 | ||
| 526 | _aP86 | ||
| 526 | _aP85 | ||
| 526 | _aP77 | ||
| 526 | _aP76 | ||
| 526 | _aP35 | ||
| 541 | _g001-0000701; | ||
| 650 | 0 | 4 |
_aCristianismo _zEstados Unidos _ySiglo XXI. |
| 650 | 0 | 4 |
_aIglesia y problemas sociales _zEstados Unidos. |
| 651 |
_aEstados Unidos _xCondiciones sociales _ySiglo XXI |
||
| 651 |
_aEstados Unidos _xCondiciones económicas _ySiglo XXI |
||
| 651 |
_aEstados Unidos _xCondiciones morales _ySiglo XXI. |
||
| 910 |
_agl _clch _d20131007 |
||
| 942 |
_2ddc _cBOOK |
||
| 949 |
_a277.3083 F38 _wDEWEY _c1 _i68482 _lCCODEBUL1 _mBUL _p13.00 _r0 _sY _tBOOK _u2015-7-6 _xTEOLOGIA _PP35 _o.STAFF. Colección General |
||
| 994 |
_aC0 _bPEPRU |
||
| 596 | _a1 | ||
| 999 |
_a277.3083 F38 _wDEWEY _c55865 _i68482 _d55865 _e2016-6-19 _f2021-11-11 _g5 _lCCODEBUL1 _mBUL _n1 _p13.00 _r0 _sY _tBOOK _u2015-7-6 _xTEOLOGIA _PP35 _0COMPRA _o.STAFF. Colección General |
||
| 980 |
_81 _gALBERTO SANCHEZ Responsable de Automatización |
||